000
00315nam a22001337a 4500
020
_a
0-354-00571-5
082
_a
355-CSE JAN'F
100
_a
FOSS, CHRISTOPHER F
_9
60889
245
_a
JANES COMBAT SUPPORT EQUIPMENT 1978-79
250
_a
1ST
260
_a
LONDON
_b
MACDONALD
_c
1978
300
_a
547P
942
_c
BK
999
_c
581671
_d
581671